| 000 | nam a22 a 4500 | ||
|---|---|---|---|
| 999 |
_c1296 _d1296 |
||
| 003 | AKMAL | ||
| 005 | 20170509093031.0 | ||
| 008 | 170509s1996 si 00 may d | ||
| 020 |
_a9971773317: _cRM 60.00 |
||
| 040 | _aAKMAL | ||
| 082 | _a297.64 HUS | ||
| 090 |
_a297.64 _bHUS |
||
| 100 | 1 |
_aHusaini, H.M.H. Al-Hamid, _d1914- _92478 |
|
| 245 | 1 | 0 |
_aRumah tangga Nabi Muhammad S.A.W. = [baitun nubuwwah] / _cH.M.H. Al-Hamid Al-Husaini |
| 250 | _aEdisi baru | ||
| 260 |
_aSingapura : _bPustaka Nasional, _c1996 |
||
| 300 |
_a1000ms. : _b24cm _ccm |
||
| 500 | _aMengandungi indeks | ||
| 500 | _aMengandungi ayat-ayat dari al-Quran | ||
| 600 | 0 |
_aMuhammad, _cProphet, _d-632 _xFamily _92012 |
|
| 942 |
_2ddc _cBOOK |
||